header

Visual marketing (Record no. 129900)

MARC details
000 -LEADER
fixed length control field 03113nam a2200361 a 4500
082 04 - DEWEY DECIMAL CLASSIFICATION NUMBER
Classification number 658.8
100 1# - MAIN ENTRY--AUTHOR NAME
Personal name Langton, David,
245 10 - TITLE STATEMENT
Title Visual marketing
260 ## - PUBLICATION, DISTRIBUTION, ETC. (IMPRINT)
Place of publication Hoboken, N.J. :
Name of publisher Wiley,
Year of publication 2011.
300 ## - PHYSICAL DESCRIPTION
Number of Pages xix, 236 p. :
Other physical details ill.
500 ## - GENERAL NOTE
General note Includes index.
520 ## - SUMMARY, ETC.
Summary, etc "Effective creative strategies for business owners or marketersWhether it's on the web, in a book, or live in-person, the most effective solutions are those that unexpectedly grab our attention. David Langton and Anita Campbell identify eye-catching and thought-provoking marketing and PR tips, ideas, and stunts. In this compendium of winning ideas will inspire small business leaders, creative professionals, and students. Award-winning visual communication designer David Langton has worked for a range of businesses from Fortune 500 leaders to mom and pops. Anita Campbell, an internationally known small business expert, reaches over 1 million small business owners and stakeholders annually.Through case studies, photos, and illustrations, Visual Marketing displays creative marketing campaigns that brought attention to small businesses in unique, compelling, and unexpected ways. Online visual marketing solutions may include apps, interactive games tools and modules; infographics; HTML emails / e-newsletters; widgets; YouTube videos; flash animation; social networking campaigns; websites, weblets, mini-sites; blogs; podcasts / MP3s; projected signage; PowerPoint / keynote presentations In print solutions may include brochures, flyers; annual reports; books; direct mail, post cards; newsletters; invitations; letters; press releases; infographics On-site, giveaways, exhibit, and tradeshow solutions may include live events and performances; signs; billboards; exhibits; banners; tent cards; posters; plasmas screens; kiosks; giveaways: tchotchkes, t-shirts, tote bags, etc.; floor graphics/vinyl graphic wraps With Visual Marketing, you'll discover 99 powerful strategies for capturing the attention of your potential customers"--
650 #0 - SUBJECT ADDED ENTRY--TOPICAL TERM
Topical Term Small business marketing.
Topical Term Marketing
700 1# - ADDED ENTRY--PERSONAL NAME
Personal name Campbell, Anita,
856 40 - ELECTRONIC LOCATION AND ACCESS
Uniform Resource Identifier http://site.ebrary.com/lib/rucke/Doc?id=10494574
520 ## - SUMMARY, ETC.
-- Provided by publisher.

No items available.

© 2026 Rongo University
Contact us: librarian | system librarian | Rongo university